000 00645nas a2200229Ia 4500
001 A10/R147-46725
003 IT-MiCISF
005 20250722172350.0
008 161014c99999999xx |||||||||||| ||und||
040 _aIT-MiCISF
_cIT-MiCISF
041 _ait
100 _aZollner Hans
_962517
245 0 _aOsservazioni psicologiche sulla condizione maschile
250 _a"La civiltà cattolica", n. 3821, 5 settembre
260 _c2009
300 _app. 386-399
500 _a uomo, identità-maschile, salute-mentale, società, rapporti-uomo-donna
650 _aUomo
_956127
654 _aarticolo
942 _cCR
_2ddc
999 _c239685
_d239685
999 _bSi